000 00438 a2200157 4500
001 31730
082 _a620.1MER
090 _c21467
_d21467
100 _aMeriam, J L. ; Kraige, L G.
245 _aEngineering Mechanics : Statics, 4th Ed, Vol. I
_cMeriam, J L. ; Kraige, L G.
250 _a3
260 _aN.Y
_bJohn Wiley
_c1998
300 _aXVII, 526p.
_borigional books
500 _aBE textbook Aerospace
600 _aKraige, L G.
942 _aNUST-CAE
_k620.1MER
999 _c266803
_d266803